El coleccionista /
Guardado en:
| Autor Principal: | |
|---|---|
| Otros Autores: | |
| Formato: | Libro |
| Idioma: | Undetermined |
| Publicado: |
Buenos Aires :
Hyspamérica,
1977.
|
| Edición: | 1a ed. |
| Series: | Grandes éxitos ;
87 |
| Materias: | |
| Etiquetas: |
Agregar Etiqueta
Sin Etiquetas, Sea el primero en etiquetar este registro!
|
| LEADER | 00722nam a22002295a 4500 | ||
|---|---|---|---|
| 001 | CEM.cems024737 | ||
| 008 | 250626s1977####ag############000#0#und#d | ||
| 005 | 20250626150836.0 | ||
| 245 | 1 | 0 | |a El coleccionista / |c John Fowles; traducido por Federico López Cruz. |
| 250 | |a 1a ed. | ||
| 260 | |a Buenos Aires : |b Hyspamérica, |c 1977. | ||
| 300 | |a 347 p. | ||
| 490 | 1 | |a Grandes éxitos ; |v 87 | |
| 500 | |a Título original: "The collector". | ||
| 020 | |a 8475302610 | ||
| 100 | 1 | |a John Fowles. | |
| 700 | 1 | |a López Cruz, Federico; trad. | |
| 653 | |a Novela británica | ||
| 653 | |a Literatura británica | ||
| 653 | |a Novela inglesa | ||
| 653 | |a Literatura inglesa | ||
| 859 | |a CEMS |b BIB. CEMS - 11 de abril |h 823.9 |i F789 |p 29955.25 |t Ej.1 | ||
